[Event "RJGF"]
[Site "http://www.queenalice.com/game.php?id=1253025"]
[Date "2014.2.1"]
[Round "1"]
[White "lucianoantunes100"]
[Black "Huxxley2013"]
[Result "1-0"]
[WhiteElo "1402"]
[BlackElo "1939"]

1. e4 e5 2. Nf3 Nc6 3. c3 Nf6 4. Qc2 Bc5 5. Bb5 d6 6. Bxc6+ bxc6 7. d4 exd4 8.
cxd4 Bb4+ 9. Bd2 Bxd2+ 10. Nbxd2 O-O 11. Qxc6 Bb7 12. Qc2 Re8 13. O-O 1-0

[Event "AUTO-OPEN-3197"]
[Site "http://www.queenalice.com/game.php?id=1259847"]
[Date "2014.2.25"]
[Round "1"]
[White "Jac"]
[Black "lucianoantunes100"]
[Result "1-0"]
[WhiteElo "1743"]
[BlackElo "1363"]

1. e4 e5 2. Nf3 Qf6 3. Nc3 c6 4. Be2 Bb4 5. O-O Bxc3 6. dxc3 Ne7 7. Bc4 h6 8.
Be3 O-O 9. Bc5 Re8 10. b4 Rd8 11. Qd6 Ng6 12. Qxf6 gxf6 13. Rad1 b5 14. Bb3 Nf4
15. Rfe1 Kg7 16. g3 Nh3+ 17. Kg2 Ng5 18. h4 Nh7 19. Nh2 Na6 20. Be7 Re8 21. Bd6
Bb7 22. a3 Bc8 23. f4 Nf8 24. Ng4 exf4 25. Bxf8+ Rxf8 26. Rd6 Nc7 27. Nxf6 1-0

[Event "AUTO-OPEN-3197"]
[Site "http://www.queenalice.com/game.php?id=1259848"]
[Date "2014.2.25"]
[Round "1"]
[White "lucianoantunes100"]
[Black "Jac"]
[Result "0-1"]
[WhiteElo "1362"]
[BlackElo "1745"]

1. e4 Nc6 2. c3 Nf6 3. Qf3 d6 4. h3 e5 5. Bb5 Bd7 6. Bxc6 Bxc6 7. d4 Bxe4 8. Qe2
Bxb1 9. Rxb1 Be7 10. dxe5 dxe5 11. Qxe5 O-O 12. Nf3 Re8 13. O-O Qd3 14. Be3 Bd6
15. Qg5 Qd5 16. Rfe1 Qxg5 17. Nxg5 Nd5 18. Rbd1 Nxe3 19. fxe3 Bg3 20. Re2 h6 21.
Nf3 Rad8 22. Rxd8 Rxd8 23. Nd4 c5 24. a4 cxd4 25. exd4 b6 26. Re3 Bf4 27. Re4
Bc1 0-1

[Event "AUTO-OPEN-3197"]
[Site "http://www.queenalice.com/game.php?id=1259875"]
[Date "2014.2.25"]
[Round "1"]
[White "lucianoantunes100"]
[Black "Marcelo_Smilov"]
[Result "0-1"]
[WhiteElo "1500"]
[BlackElo "2004"]

1. e4 e6 2. Nf3 d5 3. e5 c5 4. c3 Nc6 5. Bb5 Bd7 6. Bxc6 Bxc6 7. d4 cxd4 8. cxd4
Bb4+ 9. Bd2 Ne7 10. Bxb4 O-O 11. O-O Re8 12. Nbd2 Rc8 13. Bc5 b6 14. Bd6 Nf5 15.
Ba3 Bb5 16. Re1 h6 17. Nf1 Bxf1 18. Rxf1 Qd7 19. Bb4 Qb5 20. Qd2 Rc4 21. a3 Rec8
22. Qd3 Qd7 23. Bc3 g6 24. Nd2 R4c7 25. Rfe1 Kg7 26. Nb3 Qa4 27. Nc1 Qc6 28. Na2
a5 29. Rac1 Qc4 30. Qxc4 Rxc4 0-1

[Event "AUTO-OPEN-3197"]
[Site "http://www.queenalice.com/game.php?id=1259876"]
[Date "2014.2.25"]
[Round "1"]
[White "Marcelo_Smilov"]
[Black "lucianoantunes100"]
[Result "1-0"]
[WhiteElo "2016"]
[BlackElo "1500"]

1. d4 d5 2. c4 c6 3. Nc3 e6 4. Nf3 h6 5. Bf4 Bd6 6. Bxd6 Qxd6 7. e3 Nf6 8. cxd5
cxd5 9. Rc1 Nbd7 10. Bd3 Qb4 11. Qc2 O-O 12. O-O a6 13. a3 Qd6 14. h3 Re8 15.
Rfe1 Nb6 16. Na4 Nxa4 17. Qxa4 Bd7 18. Qb3 b5 19. Rc5 Rac8 20. Rec1 Rxc5 21.
dxc5 Qc7 22. Qc3 e5 23. c6 Bc8 24. Be2 e4 25. Nd4 Be6 26. Qb4 Rc8 27. Nxe6 Qe5
28. Nd4 1-0

[Event "AUTO-OPEN-3197"]
[Site "http://www.queenalice.com/game.php?id=1259877"]
[Date "2014.2.25"]
[Round "1"]
[White "lucianoantunes100"]
[Black "Spessatto"]
[Result "0-1"]
[WhiteElo "1425"]
[BlackElo "1853"]

1. e4 e5 2. Nf3 Nc6 3. c3 Bc5 4. d4 exd4 5. cxd4 Bb6 6. Bb5 Nge7 7. Bg5 O-O 8.
Bxc6 dxc6 9. O-O Qd7 10. Na3 a6 11. Nc4 Ba7 12. Re1 h6 13. Bc1 Qg4 14. Nce5 Qh5
15. Re2 Ng6 16. Re1 Nxe5 17. Nxe5 Qxd1 18. Rxd1 f6 19. Ng6 Re8 20. e5 Bf5 21.
Nh4 Bg4 22. f3 Bh5 23. g4 Bf7 24. Bf4 fxe5 25. Bg3 Bxd4+ 26. Kg2 Be6 27. Re1 Bd5
28. Nf5 Bxb2 29. Rab1 Bc3 30. Rec1 Bd2 0-1

[Event "AUTO-OPEN-3197"]
[Site "http://www.queenalice.com/game.php?id=1259878"]
[Date "2014.2.25"]
[Round "1"]
[White "Spessatto"]
[Black "lucianoantunes100"]
[Result "1-0"]
[WhiteElo "1851"]
[BlackElo "1425"]

1. d4 d5 2. h3 f6 3. Nf3 Nc6 4. Bf4 g5 5. Bh2 Bg7 6. e3 g4 7. Nfd2 Nh6 8. Bf4 e5
9. Bxh6 Bxh6 10. hxg4 Bg5 11. Nf3 Bh6 12. Rxh6 Bxg4 13. Be2 Bxf3 14. Bxf3 e4 15.
Bh5+ Kd7 16. Bg4+ Kd6 17. Qd2 Qf8 18. Rh1 f5 19. Be2 a6 20. Nc3 Qg7 21. Rh2 Rad8
22. O-O-O Ne7 23. Rdh1 Kd7 24. Na4 Nc6 25. Nc5+ Kc8 26. Ne6 Qf7 27. Nxd8 Nxd8
28. Qb4 Qe6 29. Rxh7 Rg8 30. Re7 Qf6 31. Rhh7 Nc6 32. Rxc7+ 1-0

[Event "AUTO-INT-2814"]
[Site "http://www.queenalice.com/game.php?id=1260055"]
[Date "2014.2.26"]
[Round "1"]
[White "Ana_Cris"]
[Black "lucianoantunes100"]
[Result "1-0"]
[WhiteElo "1525"]
[BlackElo "1390"]

1. g4 d5 2. g5 e5 3. d3 Be7 4. Nf3 Bg4 5. Nxe5 Bh5 6. d4 Bxg5 7. f3 Bh4+ 8. Kd2
Qd6 9. c3 Nc6 10. Qa4 Nf6 11. b4 O-O 12. Kc2 a6 13. Bh3 Nxe5 14. Bf4 Bg6+ 15.
Kb3 b5 16. Qa3 Qe7 17. Bxe5 Nd7 18. f4 Be4 19. Rg1 Nxe5 20. dxe5 f6 21. exf6
Rxf6 22. e3 1-0

[Event "AUTO-INT-2814"]
[Site "http://www.queenalice.com/game.php?id=1260056"]
[Date "2014.2.26"]
[Round "1"]
[White "lucianoantunes100"]
[Black "Ana_Cris"]
[Result "0-1"]
[WhiteElo "1425"]
[BlackElo "1512"]

1. e4 g5 2. d4 d5 3. e5 g4 4. Be2 h5 5. f3 f5 6. Qd3 e6 7. Qb5+ c6 8. Qa4 Qe7 9.
a3 Qg7 10. f4 h4 11. Be3 Bd7 12. Qb3 b6 13. Nc3 b5 14. O-O-O Ne7 15. a4 a6 16.
Qb4 a5 17. Qb3 b4 18. Nb1 Nc8 19. Bf1 Nb6 20. Bd3 Bc8 21. Nd2 h3 22. g3 N8d7 23.
c3 Ba6 0-1

[Event "AUTO-INT-2814"]
[Site "http://www.queenalice.com/game.php?id=1260071"]
[Date "2014.2.26"]
[Round "1"]
[White "joao_messias"]
[Black "lucianoantunes100"]
[Result "1-0"]
[WhiteElo "1678"]
[BlackElo "1454"]

1. e4 e5 2. Nf3 Qf6 3. d3 h6 4. a3 c6 5. Nc3 Ne7 6. Be2 d6 7. h3 Qg6 8. Nh4 Qf6
9. Nf3 Qg6 10. Rg1 c5 11. Bd2 Nec6 12. Be3 Be7 13. Nd5 Bd8 14. Qd2 Be6 15. c4
Ne7 16. b4 Nxd5 17. cxd5 Bc8 18. bxc5 O-O 19. g4 Be7 20. g5 h5 21. Nh4 Qh7 22.
cxd6 Bd8 23. g6 fxg6 24. Nxg6 1-0

[Event "AUTO-INT-2814"]
[Site "http://www.queenalice.com/game.php?id=1260072"]
[Date "2014.2.26"]
[Round "1"]
[White "lucianoantunes100"]
[Black "joao_messias"]
[Result "0-1"]
[WhiteElo "1500"]
[BlackElo "1669"]

1. e4 e5 2. Nf3 d6 3. h3 Nf6 4. d3 h6 5. c3 Be7 6. Qc2 Nc6 7. d4 exd4 8. cxd4
O-O 9. a3 a6 10. Be2 Bd7 11. O-O Qc8 12. Nc3 Re8 13. Re1 Nh7 14. Bd3 Ng5 15.
Nxg5 Bxg5 16. Bxg5 hxg5 17. d5 Ne5 18. Qd2 Bxh3 19. Qxg5 Nxd3 20. Reb1 Qg4 21.
Qxg4 Bxg4 22. f3 Bd7 23. Ra2 g6 0-1

[Event "Challenge"]
[Site "http://www.queenalice.com/game.php?id=1294322"]
[Date "2014.7.13"]
[Round "-"]
[White "recchdegomm1"]
[Black "lucianoantunes100"]
[Result "0-1"]
[WhiteElo "1393"]
[BlackElo "1496"]

1. e4 e5 2. Nf3 Qf6 3. Nc3 c6 4. Bc4 Bb4 5. Na4 b5 6. c3 Bd6 7. d3 bxc4 8. dxc4
Qg6 9. O-O Qxe4 10. Re1 Qf5 11. Qxd6 Qe6 12. Qxe5 Ne7 13. Qxg7 Ng6 14. Rxe6+
dxe6 15. g3 Rg8 16. Qxg8+ Kd7 17. Qxf7+ Ne7 18. Qxh7 Na6 19. Bg5 Kc7 20. Qxe7+
Kb8 21. Qd6+ Nc7 22. Qxc6 Bd7 23. Qxd7 Kb7 24. Bf4 Rc8 25. Nc5+ Kb8 26. Ne5 Ne8
0-1

[Event "AUTO-OPEN-3339"]
[Site "http://www.queenalice.com/game.php?id=1311629"]
[Date "2014.9.30"]
[Round "1"]
[White "Diemerlin"]
[Black "lucianoantunes100"]
[Result "0-1"]
[WhiteElo "1620"]
[BlackElo "1473"]

1. e4 e5 2. Nf3 Qf6 3. Nc3 c6 4. Bc4 Bb4 5. O-O Bxc3 6. dxc3 Ne7 7. Be3 O-O 8.
Bg5 Qg6 9. Bxe7 Re8 10. Nxe5 Qxe4 0-1

[Event "AUTO-OPEN-3339"]
[Site "http://www.queenalice.com/game.php?id=1311651"]
[Date "2014.9.30"]
[Round "1"]
[White "NickThorp"]
[Black "lucianoantunes100"]
[Result "1-0"]
[WhiteElo "1700"]
[BlackElo "1481"]

1. e4 e5 2. Nf3 Qf6 3. Bc4 c6 4. d3 d5 5. exd5 cxd5 6. Bxd5 Ne7 7. Be4 Nbc6 8.
h3 Qg6 9. Bxg6 Nxg6 10. O-O Be7 11. Bg5 Bxg5 12. Nc3 Bf6 13. Nd5 Bd8 14. Qe2 O-O
15. Rfe1 Be6 16. Nc3 Bb6 17. Qe4 f5 18. Qe2 Nf4 19. Qd2 Rf6 20. Nxe5 Bd4 21.
Qxf4 Bb6 22. Nxc6 bxc6 23. Rad1 Bf7 24. d4 g6 25. Qe5 Re6 26. Qf4 Rae8 27. Rxe6
Bxe6 28. Re1 1-0

[Event "AUTO-OPEN-3339"]
[Site "http://www.queenalice.com/game.php?id=1311652"]
[Date "2014.9.30"]
[Round "1"]
[White "lucianoantunes100"]
[Black "NickThorp"]
[Result "0-1"]
[WhiteElo "1490"]
[BlackElo "1692"]

1. e4 e5 2. Nf3 Nc6 3. c3 Nf6 4. Qa4 Bc5 5. d3 h6 6. Nbd2 O-O 7. d4 exd4 8. cxd4
Bb6 9. Nc4 Nxe4 10. Nxb6 cxb6 11. d5 Nc5 12. Qg4 d6 13. Qg3 Ne7 14. Bxh6 Nf5 15.
Qg4 Nxh6 16. Qg3 Qe7+ 17. Be2 Nf5 18. Qf4 Nd3+ 19. Kd2 Nxf4 20. Rae1 Nxe2 21.
Rxe2 Qf6 22. Rc1 Qxb2+ 23. Rc2 Qb4+ 24. Kd3 Bd7 25. Rb2 Bb5+ 26. Kc2 Ba4+ 27.
Kb1 Qc4 28. h3 Rfe8 0-1

[Event "AUTO-OPEN-3339"]
[Site "http://www.queenalice.com/game.php?id=1311666"]
[Date "2014.9.30"]
[Round "1"]
[White "Leovitor"]
[Black "lucianoantunes100"]
[Result "1-0"]
[WhiteElo "1896"]
[BlackElo "1509"]

1. e4 e5 2. Nf3 Qf6 3. Nc3 c6 4. d4 Bd6 5. dxe5 Bxe5 6. Nxe5 Qxe5 7. Bd3 d5 8.
O-O Nf6 9. exd5 O-O 10. Re1 Qd6 11. dxc6 Qxc6 12. Bg5 h6 13. Bh4 Nbd7 14. Qe2
Re8 15. Qd2 Ne5 16. Be4 Nxe4 17. Nxe4 Bf5 18. Nc3 Qg6 19. Bg3 Nc4 20. Qd5 Nxb2
21. Qxb7 Qb6 22. Qf3 Rac8 23. Qxf5 Rxe1+ 24. Rxe1 Qc6 25. Nd5 Rf8 26. Ne7+ Kh8
27. Nxc6 Nc4 28. Re7 f6 29. Qg6 1-0

[Event "Challenge"]
[Site "http://www.queenalice.com/game.php?id=1321063"]
[Date "2014.11.8"]
[Round "-"]
[White "lucianoantunes100"]
[Black "RJGF"]
[Result "1-0"]
[WhiteElo "1508"]
[BlackElo "1611"]

1. e4 e5 2. Nf3 Nc6 3. c3 Nf6 4. Qa4 d6 5. Bb5 Bd7 6. d3 a6 7. Bxc6 Bxc6 8. Qb3
Be7 9. Ng5 O-O 10. Nd2 h6 11. Ngf3 a5 12. a4 Re8 13. d4 exd4 14. cxd4 Nxe4 15.
O-O Nxd2 16. Bxd2 1-0